| 000 | 00352 a2200133 4500 | ||
|---|---|---|---|
| 001 | 90326 | ||
| 082 | _a297.4 RAF | ||
| 090 |
_c42646 _d42646 |
||
| 100 | _aRafiq Ahmed Akhtar Professor | ||
| 245 |
_aSar e Raah e Gahy _cAhmed Rafiq Akhtar _hUrdu |
||
| 260 |
_aLahore _bSang e Meel Publications _c2013 |
||
| 300 | _a304p. | ||
| 500 | _aGeneral Collection | ||
| 942 |
_aCAE NUST _k297.4 RAF |
||
| 999 |
_c325399 _d325399 |
||